• 首页
  • 本馆介绍
  • 公告通知
  • 最新文献
  • 馆藏检索
  • 电子资源
  • 读者导购
  • 参考咨询
  • 我的图书馆
  • 登录
  • 详细信息显示
  • 放入我的书架
  • 预约/预借图书
  • 作者相关作品
  • 分类相关作品
  • 丛书相关作品
  • 出版社相关作品

书目信息

  • 表格格式
  • 工作单格式
  • 卡片格式
题名:
涂附磨具与抛光技术
    
 
作者: 邹文俊 编著
分册:  
出版信息: 郑州   郑州大学出版社  2017
页数: 346页
开本: 26cm
丛书名:
单 册:
中图分类: TG74
科图分类:
主题词: 涂附磨具--抛光--高等教育--教材
电子资源:
ISBN: 978-7-5645-4320-4
000 00835nam0 2200229 450
001 2268084513
005 20220930185454.12
010    @a978-7-5645-4320-4@dCNY78.20
100    @a20181129d2017 em y0chiy50 ea
101 0  @achi
102    @aCN@b410000
105    @aa z 000yy
200 1  @a涂附磨具与抛光技术@9tu fu mo ju yu pao guang ji shu@f邹文俊编著
210    @a郑州@c郑州大学出版社@d2017
215    @a346页@c图@d26cm
300    @a普通高等教育材料科学与工程专业“优培工程”规划教材
330    @a本书包括概述、磨料、基材、粘结剂、基材处理及浆料、涂附磨具大卷制造、常用涂附磨具、质量检测与分析、涂附磨具磨削技术、抛光技术及磨具、抛光方法及应用等内容。
606 0  @a涂附磨具@x抛光@x高等教育@j教材
690    @aTG74@v5
701  0 @a邹文俊@9zou wen jun@f(1961~)@4编著
801  0 @aCN@b91MARC@c20181129
905    @aZUCC@dTG74@e2
    
    涂附磨具与抛光技术/邹文俊编著.-郑州:郑州大学出版社,2017
    346页:图;26cm
    普通高等教育材料科学与工程专业“优培工程”规划教材
    
    ISBN 978-7-5645-4320-4:CNY78.20
    本书包括概述、磨料、基材、粘结剂、基材处理及浆料、涂附磨具大卷制造、常用涂附磨具、质量检测与分析、涂附磨具磨削技术、抛光技术及磨具、抛光方法及应用等内容。
●
相关链接 在五车中查询图书 在当当中查询图书 在豆瓣中查询图书


正题名:涂附磨具与抛光技术     索取号:TG74/2         预约/预借

序号 登录号 条形码 馆藏地/架位号 状态 备注
1 2000909212   2000909212   第三书库/ [索取号:TG74/2] 在馆    
2 2000909213   2000909213   第三书库/ [索取号:TG74/2] 在馆    
3 2000909214   2000909214   第三书库/ [索取号:TG74/2] 在馆    
山东省滨州职业学院图书馆 欢迎您!
大连网信软件有限公司© 版权所有